00310pab a2200121 454500008004000000100002000040245006900060260000900129300000600138362000900144650001700153773001800170180718b1989 xxu||||| |||| 00| 0 eng d aBhargava, Gopal aMr. Jagmohan's talk on urban crisis and conflicts in Third World c1989 a9 aApr. aUrbanisation aCivic Affairs